Сады и парки. История, биология, охрана (Запись № 548670)

Подробности
000 -МАРКЕР
контрольное поле 02241nam0a2200397 4500
001 - ИДЕНТИФИКАТОР ЗАПИСИ
контрольное поле RU\NLR\bibl\99611
005 - ИДЕНТИФИКАТОР ВЕРСИИ
контрольное поле 20260405174059.0
010 ## - МЕЖДУНАРОДНЫЙ СТАНДАРТНЫЙ НОМЕР КНИГИ (ISBN)
Номер (ISBN) 5-230-10590-9
Тираж 150
021 ## - НОМЕР ГОСУДАРСТВЕННОЙ РЕГИСТРАЦИИ
Код страны Российская Федерация
Номер 2000-17349
Номер Листа государственной регистраци 828
035 ## - ДРУГИЕ СИСТЕМНЫЕ НОМЕРА
Идентификатор записи (NLR Aleph) 000097388
100 ## - ДАННЫЕ ОБЩЕЙ ОБРАБОТКИ
Данные общей обработки 20000721d2000 |||y0rusy50 ca
101 0# - ЯЗЫК РЕСУРСА
Язык текста, звукозаписи и т.д. русский
102 ## - СТРАНА ПУБЛИКАЦИИ ИЛИ ПРОИЗВОДСТВА
Страна публикации Российская Федерация
105 ## - ПОЛЕ КОДИРОВАННЫХ ДАННЫХ: ТЕКСТОВЫЕ МАТЕРИАЛЫ, МОНОГРАФИЧЕСКИЕ
Кодированные данные о монографическом текстовом документе a |||||||||
200 1# - ЗАГЛАВИЕ И СВЕДЕНИЯ ОБ ОТВЕТСТВЕННОСТИ
Основное заглавие Сады и парки. История, биология, охрана
Сведения, относящиеся к заглавию Учеб. пособие
Первые сведения об ответственности Е.В. Шорохова, О.В. Гаврилова, Л.В. Заблоцкая и др.
Последующие сведения об ответственности [Отв. ред. д.б.н. В.А. Соловьев]
-- М-во образования Рос. Федерации, С.-Петерб. гос. лесотехн. акад.
210 ## - ПУБЛИКАЦИЯ, РАСПРОСТРАНЕНИЕ И ДР.
Место издания, распространения и т.д. СПб.
Имя издателя, распространителя и т. д. СПбЛТА
Дата издания, распространения и т.д. 2000
215 ## - ФИЗИЧЕСКАЯ ХАРАКТЕРИСТИКА
Специфическое обозначение материала и объем 78,[1] с.
Другие сведения о физической характеристике ил.
Размеры 20
320 ## - ПРИМЕЧАНИЯ О НАЛИЧИИ В ДОКУМЕНТЕ БИБЛИОГРАФИИ / УКАЗАТЕЛЯ
Текст примечания Библиогр. в конце гл. и параграфов
606 0# - НАИМЕНОВАНИЕ ТЕМЫ КАК ПРЕДМЕТ
Наименование темы Садово-парковая архитектура
Формальный подзаголовок Руководства, пособия и т.п.
Тематический подзаголовок История
Системный номер авторитетной/нормативной записи 1569538
Идентификатор авторитетной/нормативной записи RU\NLR\auth\66987248
606 0# - НАИМЕНОВАНИЕ ТЕМЫ КАК ПРЕДМЕТ
Наименование темы Садово-парковая архитектура
Формальный подзаголовок Учебные издания
Тематический подзаголовок История
Системный номер авторитетной/нормативной записи 1569538
Идентификатор авторитетной/нормативной записи RU\NLR\auth\66987248
606 0# - НАИМЕНОВАНИЕ ТЕМЫ КАК ПРЕДМЕТ
Наименование темы Садово-парковое хозяйство
Формальный подзаголовок Руководства, пособия и т.п.
Системный номер авторитетной/нормативной записи 2158050
Идентификатор авторитетной/нормативной записи RU\NLR\auth\661298990
606 0# - НАИМЕНОВАНИЕ ТЕМЫ КАК ПРЕДМЕТ
Наименование темы Садово-парковое хозяйство
Формальный подзаголовок Учебные издания
Системный номер авторитетной/нормативной записи 2158050
Идентификатор авторитетной/нормативной записи RU\NLR\auth\661298990
686 ## - ИНДЕКСЫ ДРУГИХ КЛАССИФИКАЦИЙ
Индекс Щ113(0)-487я7
686 ## - ИНДЕКСЫ ДРУГИХ КЛАССИФИКАЦИЙ
Индекс П273я73
701 #1 - ИМЯ ЛИЦА - АЛЬТЕРНАТИВНАЯ ОТВЕТСТВЕННОСТЬ
Начальный элемент ввода Шорохова
Часть имени, кроме начального элемента ввода Е. В.
Расширение инициалов личного имени Екатерина Владимировна
Код отношения Автор
701 #1 - ИМЯ ЛИЦА - АЛЬТЕРНАТИВНАЯ ОТВЕТСТВЕННОСТЬ
Код отношения Автор
Материалы, к которым относится поле rus
Графика поля Кириллица
Начальный элемент ввода Гаврилова
Часть имени, кроме начального элемента ввода О. В.
Дополнения к именам, кроме дат канд. биол. наук
Расширение инициалов личного имени Ольга Владимировна
Идентификатор авторитетной/нормативной записи RU\NLR\auth\7745806
Системный номер авторитетной/нормативной записи 28741
701 #1 - ИМЯ ЛИЦА - АЛЬТЕРНАТИВНАЯ ОТВЕТСТВЕННОСТЬ
Начальный элемент ввода Заблоцкая
Часть имени, кроме начального элемента ввода Л. В.
Расширение инициалов личного имени Лариса Васильевна
Код отношения Автор
702 #1 - ИМЯ ЛИЦА - ВТОРИЧНАЯ ОТВЕТСТВЕННОСТЬ
Код отношения Редактор
Материалы, к которым относится поле rus
Графика поля Кириллица
Начальный элемент ввода Соловьев
Часть имени, кроме начального элемента ввода В. А.
Дополнения к именам, кроме дат д-р биол. наук
Даты 1935-
Расширение инициалов личного имени Виктор Александрович
Идентификатор авторитетной/нормативной записи RU\NLR\auth\7775382
Системный номер авторитетной/нормативной записи 58310
801 #0 - ИСТОЧНИК ЗАПИСИ
Страна Российская Федерация
Организация NLR
Дата составления 20000721
Правила каталогизации PSBO
801 #1 - ИСТОЧНИК ЗАПИСИ
Страна Российская Федерация
Организация NLR
Дата составления 20000721
830 ## - ОБЩЕЕ ПРИМЕЧАНИЕ, СОСТАВЛЕННОЕ КАТАЛОГИЗАТОРОМ
Текст примечания Авт. раскрыт по кн.
852 ## - МЕСТОНАХОЖДЕНИЕ И ШИФР ХРАНЕНИЯ
Идентификатор организации NLR
Шифр хранения (Call Number) 2000-4/3404
942 ## - ДОПОЛНИТЕЛЬНЫЕ ЭЛЕМЕНТЫ ЗАПИСИ (АБИС)
Тип экземпляра АБИС Книга
980 ## - КОЛЛЕКЦИЯ
Название коллекции Национальная библиография
Экземпляры
Тип экземпляра Дата поступления Источник поступления Библиотека постоянного хранения Библиотека текущего хранения Место хранения Шифр хранения Штрих-код Статус экземпляра
Книга 21.07.2000 Обязательный экземпляр РНБ (Московский) РНБ (Московский) Русский книжный фонд: издания с 1957 года 2000-4/3404 51605  
Книга 21.07.2000 Обязательный экземпляр РНБ (Московский) РНБ (Московский) Русский книжный фонд: издания с 1957 года 2000-4/3404 51627